|
|
|
|
| LEADER |
00000nab a2200000 a 4500 |
| 001 |
vtls000677624 |
| 003 |
SK-MaSNL |
| 005 |
20260303200505.0 |
| 008 |
140416c1998 xo 0 slo |
| 015 |
|
|
|a SNBRB1998/11-30538
|
| 035 |
|
|
|a CLN000029793
|
| 040 |
|
|
|a SNKBUCL
|b slo
|c SNKBUCL
|e AACR2
|
| 041 |
0 |
|
|a slo
|
| 044 |
|
|
|a xo
|c SK
|
| 080 |
|
|
|a 792.077:82:061.7:06.063:82.085
|2 1997
|
| 080 |
|
|
|a 82:061.7:06.063:82.085
|2 1997
|
| 080 |
|
|
|a 82.085
|2 1997
|
| 100 |
1 |
|
|a Ráš, K.I.
|4 aut
|9 839402
|
| 245 |
1 |
0 |
|a O divadle poézie na 44. Hviezdoslavovom Kubíne '98
|c K.I. Ráš
|
| 300 |
|
|
|b Fotogr.
|
| 611 |
1 |
7 |
|a Hviezdoslavov Kubín
|n 44.
|d 1998
|c Dolný Kubín, Slovensko
|2 snkbucl
|9 1230677
|
| 650 |
0 |
7 |
|a divadlo poézie
|2 snkbucl
|9 27022
|
| 655 |
|
7 |
|a články z novín a časopisov
|2 snkbucl
|9 267496
|
| 773 |
0 |
|
|t Javisko
|g Roč. 30, č. 11 (1998), s. 10-13
|x 0323-2883
|
| 850 |
|
|
|a Slovenská národná knižnica v Martine
|
| 852 |
|
|
|a SNK
|b KIS3GCP
|
| 958 |
|
|
|a SK
|
| 958 |
|
|
|a LX
|
| 992 |
|
|
|a RBX
|
| 999 |
|
|
|c 2168313
|d 2170243
|